Normal view MARC view
  • Désalmand, Paul,

Entry Nombre Personal

Number of records used in: 1

001 - NUMERO DE CONTROL

  • campo de control: 44555

003 - IDENTIFICADOR DE NUMERO DE CONTROL

  • campo de control: DLC

005 - FECHA Y HORA DE LA ÜLTIMA TRANSACCIÓN

  • campo de control: 20220525154151.0

008 - DATOS DE LONGITUD FIJA

  • campo de control de longitud fija: 790405n| acannaabn |n aaa

010 ## - NÚMERO DE CONTROL DE LA BIBLIOTECA DEL CONGRESO

  • Número de control LC: n 79031265

035 ## - NUMERO DE CONTROL

  • Número de control: (OCoLC)oca00264917

040 ## - FUENTE DE CATALOGACIÓN

  • Agencia original de catalogación: DLC
  • Lenguaje de catalogación: spa
  • Agencia de transcripción: DLC
  • Agencia que lo modifica: OCoLC
  • Agencia que lo modifica: MX-MxUPN

046 ## - FECHAS CON CODIFICACIÓN ESPECIAL

  • Fecha de nacimiento: 1937

053 #4 - NÚMERO DE CLASIFICACIÓN LC

  • Número de clasificación elemento-número único o número inicial de tramo: PQ2704 E.83

100 1# - ENCABEZAMIENTO - NOMBRE PERSONAL

  • Nombre personal: Désalmand, Paul,
  • Fechas asociadas con el nombre: 1937-

370 ## - LUGAR ASOCIADO

  • Place of birth: Francia

374 ## - OCUPACIÓN

  • Occupation: Escritor

670 ## - FUENTE EN LA QUE SE LOCALIZARON DATOS

  • Cita de la fuente: Tort, P. Sciences humaines et philosophie en Afrique, c1978 (a.e.)
  • Información localizada: port. (Paul Désalmand, ancien élève de l'École normale sup. de l'enseignem. tech., professeur à l'École normale sup. d'Abidjan)

670 ## - FUENTE EN LA QUE SE LOCALIZARON DATOS

  • Cita de la fuente: Las aventuras de un libro vagabundo, 2010:
  • Información localizada: solapa (Paul Desalmand nació en 1937en una pequeña población de Alta Saboya, Francia. Durante muchos años ejerció de maestro de escuela, tras lo que decidió dedicarse a la escritura y divulgación).

902 ## - CATALOGADOR

  • Catalogador: VAGG/250522